[Event "Madrid-ch 2011/2012- Semifinal B"]
[Site "Madrid ESP"]
[Date "2012.04.20"]
[Round "9.7"]
[White "Lopez Ziegler, Carlos"]
[Black "Fuentes Arjona, Antonio"]
[Result "0-1"]
[WhiteElo "1902"]
[BlackElo "2012"]
[PlyCount "98"]
[EventDate "2012.03.22"]
[EventType "swiss"]
[EventRounds "9"]
[EventCountry "ESP"]
[Source "lmi"]
[SourceDate "2012.03.22"]

1. e4 c5 2. Nf3 Nc6 3. d4 cxd4 4. Nxd4 g6 5. Nc3 Bg7 6. Be3 Nf6 7. Nxc6 bxc6 8.
e5 Nd5 9. Nxd5 cxd5 10. Qxd5 Rb8 11. b3 Qc7 12. Bd4 Qxc2 13. Bc4 e6 14. Qd6
Qe4+ 15. Kf1 Qb7 16. Qc5 a6 17. Rc1 Bf8 18. Qa7 Be7 19. Be2 Ra8 20. Bf3 Qb5+
21. Be2 Qb7 22. Bf3 Qb5+ 23. Kg1 Rxa7 24. Rxc8+ Bd8 25. Bxa7 O-O 26. Bc5 Be7
27. Rxf8+ Bxf8 28. Be3 Qxe5 29. g3 Qa1+ 30. Kg2 Qxa2 31. Rc1 Qxb3 32. Bd4 Qd3
33. Be3 Kg7 34. h4 Ba3 35. Rd1 Qb5 36. g4 d6 37. h5 g5 38. Be4 h6 39. Bd4+ e5
40. Be3 a5 41. Rb1 Bb4 42. Rd1 Bc5 43. Rb1 Qe2 44. Bf3 Qa2 45. Re1 Bxe3 46.
Rxe3 Qc4 47. Be2 Qb4 48. Bf3 a4 49. Bd5 Qxg4+ 0-1

[Event "Madrid-ch 2011/2012- Semifinal B"]
[Site "Madrid ESP"]
[Date "2012.04.20"]
[Round "9.8"]
[White "Garcia-Ruiz Fuentes, Marcos"]
[Black "Rios Rebollo, Victor"]
[Result "1/2-1/2"]
[WhiteElo "1873"]
[BlackElo "1842"]
[PlyCount "109"]
[EventDate "2012.03.22"]
[EventType "swiss"]
[EventRounds "9"]
[EventCountry "ESP"]
[Source "lmi"]
[SourceDate "2012.03.22"]

1. e4 e6 2. Nc3 d5 3. d4 Nf6 4. Bg5 Be7 5. e5 Nfd7 6. h4 Bxg5 7. hxg5 Qxg5 8.
Qd3 g6 9. Nf3 Qe7 10. O-O-O a6 11. Qe3 c5 12. dxc5 Qxc5 13. Qf4 Nc6 14. Re1 Qb4
15. Qh6 b6 16. a3 Qf8 17. Qf4 Bb7 18. Bd3 Qg7 19. Na2 O-O-O 20. Nb4 Nxb4 21.
axb4 b5 22. Qd4 Kb8 23. Nd2 Rc8 24. Nb3 Qf8 25. f4 h5 26. Rh4 Qe7 27. Reh1 Rhg8
28. c3 Ka8 29. Kc2 Nb8 30. Na5 Bc6 31. Nb3 Bb7 32. Na5 Bc6 33. Nb3 Qa7 34. Nc5
Qe7 35. R4h2 Rc7 36. Ra1 Ra7 37. Rhh1 g5 38. g3 gxf4 39. gxf4 Rh8 40. Be2 h4
41. Bf3 Bb7 42. Be2 Nd7 43. Nxb7 Kxb7 44. Bxb5 Raa8 45. Bxa6+ Rxa6 46. Rxa6
Kxa6 47. Ra1+ Kb7 48. Qa7+ Kc8 49. Qa8+ Nb8 50. Ra7 Qxa7 51. Qxa7 h3 52. Qxf7
h2 53. Qxe6+ Nd7 54. Qc6+ Kb8 55. Qd6+ 1/2-1/2

[Event "Madrid-ch 2011/2012- Semifinal B"]
[Site "Madrid ESP"]
[Date "2012.04.20"]
[Round "9.9"]
[White "Arjona Martinez, Santiago"]
[Black "Baeza Escudero, Javier"]
[Result "1-0"]
[WhiteElo "2062"]
[BlackElo "2029"]
[PlyCount "69"]
[EventDate "2012.03.22"]
[EventType "swiss"]
[EventRounds "9"]
[EventCountry "ESP"]
[Source "lmi"]
[SourceDate "2012.03.22"]

1. e4 e5 2. Nc3 Bc5 3. Nf3 d6 4. g3 Nf6 5. Bg2 Nc6 6. d3 a6 7. h3 h6 8. O-O Be6
9. Be3 Bxe3 10. fxe3 Qd7 11. Kh2 O-O-O 12. d4 exd4 13. exd4 d5 14. exd5 Nxd5
15. Nxd5 Bxd5 16. c3 f5 17. Nh4 Bxg2 18. Kxg2 Ne7 19. Qf3 Rhf8 20. Kh2 g5 21.
Ng2 Kb8 22. Rae1 Ng6 23. Qh5 Qf7 24. Rf2 Rd5 25. Qe2 f4 26. gxf4 Rd6 27. f5 Nf4
28. Nxf4 gxf4 29. Rxf4 Qxa2 30. Qf2 Rb6 31. Re2 Rff6 32. b4 Qf7 33. Qe3 Qc4 34.
Qf3 Rbc6 35. d5 1-0

[Event "Madrid-ch 2011/2012- Semifinal B"]
[Site "Madrid ESP"]
[Date "2012.04.20"]
[Round "9.10"]
[White "Garcia Herranz, Jesus"]
[Black "Sebastian Enesco, Alex"]
[Result "1-0"]
[WhiteElo "1968"]
[BlackElo "1783"]
[PlyCount "34"]
[EventDate "2012.03.22"]
[EventType "swiss"]
[EventRounds "9"]
[EventCountry "ESP"]
[Source "lmi"]
[SourceDate "2012.03.22"]

1. Nf3 b5 2. e4 a6 3. d4 Bb7 4. Bd3 e6 5. Be3 Nf6 6. Nbd2 d6 7. O-O c5 8. c3
Be7 9. a4 c4 10. Bc2 d5 11. e5 Ng4 12. Bf4 g5 13. Nxg5 Nxf2 14. Qh5 h6 15.
Qxf7+ Kd7 16. Qxe6+ Kc7 17. Nf7 Bc8 1-0

[Event "Madrid-ch 2011/2012- Semifinal B"]
[Site "Madrid ESP"]
[Date "2012.04.20"]
[Round "9.11"]
[White "Brull Cortes, Boris"]
[Black "Arroyo Fernandez, Francisco J"]
[Result "1/2-1/2"]
[WhiteElo "2005"]
[BlackElo "1825"]
[PlyCount "52"]
[EventDate "2012.03.22"]
[EventType "swiss"]
[EventRounds "9"]
[EventCountry "ESP"]
[Source "lmi"]
[SourceDate "2012.03.22"]

1. d4 d5 2. Nc3 Bf5 3. f3 Nf6 4. Bg5 h6 5. Bh4 g5 6. Bf2 Bg7 7. Qd2 Nc6 8. e4
dxe4 9. d5 e3 10. Bxe3 Nb4 11. O-O-O Bxc2 12. Bc5 Nfxd5 13. Nxd5 Bxd1 14. Bxb4
Ba4 15. Bxe7 Qd7 16. Bc4 c6 17. Bf6 cxd5 18. Bxg7 dxc4 19. Qe2+ Qe6 20. Bxh8
O-O-O 21. Qxe6+ fxe6 22. b3 cxb3 23. axb3 Bxb3 24. Bg7 Rd1+ 25. Kb2 Bd5 26. Kc2
Rf1 1/2-1/2